000 00520nam a22001817a 4500
003 NUST
005 20260122162142.0
008 260122b ||||| |||| 00| 0 eng d
020 _a978-0470231975
082 _a551.49
100 _a Pinder, George F.
_9132883
245 _aGroundwater Modeling /
_bUsing Geographical Information Systems /
_c Pinder, George F.
250 _a1st Edition
260 _aCanada:
_bJohn Wiley & Sons,
_c2002.
300 _a232 p ;
_c9.5 inch.
563 _aHardcover
942 _2ddc
_cBK
999 _c615900
_d615900